000 01263cam a2200325 i 4500
999 _c44621
_d44621
001 44621
003 Mx-PuUPA
005 20200623093134.0
008 140415s1992 sp a r 000 0 spa d
020 _a8471005328
040 _aMx-PuUPA
_bspa
_cMx-PuUPA
_dMx-PuUPA
_erda
041 0 _aspa
100 1 _aÁlvarez, Jesús Timoteo,
_d1948
_eautor
_98998
245 1 0 _aHistoria de la prensa Hispanoamericana /
_cJesús Timoteo Álvarez, Ascensión Martínez Riaza ; con la colaboración técnica de Enrique Ríos Vicente ; director coordinador, José Andrés-Gallego
264 4 _aMadrid :
_bEditorial MAPFRE,
_c©1992
300 _a348 páginas :
_bilustraciones ;
_c23 cm.
336 _2rdacontent
_atexto
_btxt
337 _2rdamedia
_asin medio
_bn
338 _2rdacarrier
_avolumen
_bnc
490 0 _aColecciones MAPFRE 1492 ;
_vVII.
490 0 _aColección Realidades Americanas ;
_v10
650 4 _aRevistas latinoamericanas
_xHistoria
650 4 _aPrensa
_zAmérica Latina
_xHistoria
700 1 _aMartínez Riaza, Ascensión,
_eautor
700 1 _aRíos Vicente, Enrique,
_ecoraborador
700 1 _aAndrés-Gallego, José,
_edirector coordinador
942 _2ddc
_cLI
_h910.9
_iR281